Statistics for Group C - Hong Kong AFC Asian Cup Squad

Click here to take the quiz!

General Stats

  • This quiz has been taken 9 times
  • The average score is 20 of 27

Answer Stats

#PositionClubPlayer Name% Correct
1GKEastern SCYapp Hung Fai
100%
15MFLee ManChang Hei Yin
89%
9FWGuangxi Pingguo HaliaoMatt Orr
89%
17DFKitchee SCShinichi Chan
89%
23DFEastern SCSun Ming Him
89%
22MFEastern SCYu Joy Yin
89%
16MFTai PoChan Siu Kwan
78%
-Coach-Jørn Andersen
78%
13DFRangers FC*Li Ngai Hoi
78%
18GKSouthernNg Wai Him
78%
14FWKitchee SCPoon Pui Hin
78%
2DFRadcliffe FCSean Tse
78%
8MFKitchee SCTan Chun Lok
78%
19GKTai PoTse Ka Wing
78%
10MFLee ManWong Wai
78%
6MFLee ManWu Chun Ming
78%
21DFMeizhou HakkaYue Tze Nam
78%
11FWLee ManEverton Camargo
67%
5DFKitchee SCHélio
67%
7DFKitchee SCLaw Tsz Chun
67%
3DFKitchee SCOliver Gerbig
67%
4DFDalian ProVas Nuñez
67%
24MFSouthernJu Yingzhi
56%
12MFRangers FC*Lam Hin TIng
56%
20FWFC IngolstadtMichael Udebuluzor
56%
26FWKitchee SCJuninho
44%
25FWSouthernStefan Pereira
44%

Score Distribution

Percentile by Number Answered

Percent of People with Each Score

Your Score History

You have not taken this quiz